000 00847cam a22002777a 4500
003 CHAP
005 20220329140259.0
008 971013s1968 r 00010 d
010 _a49709
011 _a50681
035 _a54831
040 _cCHAP
090 _aFolleto 1303
110 _aFederación de Cajas de Crédito. San Salvador
_939917
245 1 3 _aEl sistema de crédito rural en El Salvador
260 _aSan Salvador :
_bLa Federación,
_c1968
300 _as.p.
590 _aBATCH-UPD
_b10
_c20130110
_lUCH01
_h0223
590 _aBATCH-UPD
_b10
_c20130409
_lUCH01
_h2244
590 _aBATCH-UPD
_b10
_c20130914
_lUCH01
_h1101
590 _aCONVERSION
_b10
_c20130109
_lUCH01
_h1327
650 1 4 _aCrédito agrícola
_xEl Salvador.
_929053
901 _aBK
942 _cFOLL
949 _aFolleto 1303
_bBC
_cFOLL
_d-120726
_eTS1
_i54831
_si
999 _c49709
_d49709